|
|
|
|
| LEADER |
00000nta a2200000 i 4500 |
| 001 |
dolg34281 |
| 005 |
20210902100006.0 |
| 008 |
210902s2013 hu om 000 hun d |
| 040 |
|
|
|a BGE Dolgozattár Repozitórium
|b hun
|
| 041 |
|
|
|a hu
|
| 100 |
1 |
|
|a Bugyik Gabriella
|
| 245 |
1 |
3 |
|a Az Eurosped Zrt. alvállalkozói körének kiválasztása és értékelése a Masped csoporton belül végbemenő átszervezések tükrében
|c Bugyik Gabriella
|h [elektronikus dokumentum]
|
| 260 |
|
|
|c 2013
|
| 695 |
|
|
|a Közúti árufuvarozás
|
| 695 |
|
|
|a Szállítmányozás
|
| 700 |
1 |
|
|a Nincs adat Nincs adat
|e ths
|
| 856 |
4 |
0 |
|u http://dolgozattar.uni-bge.hu/34281/1/D_16315_Bugyik%20Gabriella.pdf
|z Dokumentum-elérés
|